TWENTY-Twenty Two (2022) daily Victory with God / (Record no. 30690)

MARC details
000 -LEADER
fixed length control field 00697nam a22002177a 4500
008 - FIXED-LENGTH DATA ELEMENTS--GENERAL INFORMATION
fixed length control field 240821b |||||||| |||| 00| 0 eng d
017 ## - LEGAL DEPOSIT NUMBER
Legal deposit number LD.0521
018 ## - LEGAL DEPOSIT YEAR
LDD Year 2024
020 ## - INTERNATIONAL STANDARD BOOK NUMBER
ISBN 9783037765
040 ## - CATALOGING SOURCE
Original cataloging agency NLN
Language of cataloging English
Description conventions AACR2
245 ## - TITLE STATEMENT
Title TWENTY-Twenty Two (2022) daily Victory with God /
Statement of responsibility, etc Gabriel Olagunju
260 ## - PUBLICATION, DISTRIBUTION, ETC. (IMPRINT)
Place of publication Offa, Kwara State (Gospel Herald, 51 Onigosun Road, P.O.Box 66):
Name of publisher Faith and Blessings Publications and Gospel Herald Ministries
Date of publication 2022
300 ## - COLLATION
Pagination ii, 190p.;
Other physical details 20cm
563 ## - BINDING INFORMATION
Binding note (pbk)
650 ## - TRACINGS
Main Subject Devotional Calendars
700 ## - ADDITIONAL AUTHOR
Additional Author <a href="Olagunju, Gabriel">Olagunju, Gabriel</a>
Relator term edt
856 ## - ELECTRONIC LOCATION AND ACCESS
URL www.gherald.org
942 ## - ADDED ENTRY ELEMENTS (KOHA)
Item type Books
Suppress in OPAC No
050 ## - LIBRARY OF CONGRESS CALL NUMBER
Classification number BV4811
Item number .T971
082 ## - DEWEY DECIMAL CLASSIFICATION NUMBER
Classification number 242.2
Holdings
Source of classification or shelving scheme Not for loan Home library Current library Date acquired Mode of acquisition Accession No. Full call number Barcode. Copy number Koha item type
Library of Congress Classification   ABUJA LIBRARY BRANCH National Library of Nigeria 21/08/2024 Legal deposit 443783 BV4811 .T971 443783 1 Books
Library of Congress Classification   ILORIN BRANCH National Library of Nigeria 21/08/2024 Legal deposit 443781 BV4811 .T971 443781 1 Books
Library of Congress Classification   LOKOJA BRANCH National Library of Nigeria 21/08/2024 Legal deposit 443782 BV4811 .T971 443782 1 Books

National Library of Nigeria OPAC is powered by Koha